| 000 | 02091 a2200229 4500 | ||
|---|---|---|---|
| 001 | 24523 | ||
| 005 | 20260407155529.0 | ||
| 008 | 260407a1997 arg spa d | ||
| 003 | AR-UNSa-BCEJYS | ||
| 040 |
_aAR-UNSa-BCEJYS _bspa _cAR-UNSa-BCEJYS |
||
| 080 |
_a342 _xDerecho constitucional (Derecho Público) |
||
| 245 | 1 | 0 | _aElementos de derecho constitucional |
| 020 | _a978-950-508-390-9 | ||
| 250 | _a2a. ed | ||
| 264 | 1 |
_aBuenos Aires : _bAstrea _c1997 |
|
| 300 |
_a2v. (lv, 573; xl, 752 p.) _c20 cm. |
||
| 505 | _aVol 1: 1. El constitucionalismo - 2. Derecho constitucional.caracteres, dimensiones y desarrollo - 3. Metodología del derecho constitucional - 4. Fuentes del derecho constitucional - 5. Control de constitucionalidad - 6. Proceso constitucional argentino - 7. Fuentes del derecho constitucional argentino - 8. Sistema constitucional argentino.La argentina como estado - 9. Elementos constitucionales del estado argentino - 10. Poderes del estado constituyente y electoral - 11. Congreso de la nación - 12. Operatividad del congreso - 13. El poder ejecutivo.estructura e integración.operatividad - 14. Poder judicial y ministerio público - 15. Relaciones y controles entre los poderes del gobierno federal - Vol.II: 16. Poder provincial - 17. Competencias de los gobiernos federal y provinciales - 18. Poder municipal - 19. Derechos constitucionales - 20. Derecho a la condición humana - 21. Derecho a la seguridad - 22. Derecho a la privacidad - 23. Derecho de locomoción - 24. Derecho de pensamiento y expresión - 25. Derecho a la libertad de conciencia y de culto - 26. Derecho de reunión - 27. Derecho de asociación - 28. Derecho de peticionar - 29. Derecho de enseñar y de aprender - 30. Derecho a la igualdad - 31. Derechos economicos sociales - 32. Derecho constitucional de la familia - 33. Derechos procesales y penales - 34. Derechos políticos - 35. Reglamentaciones y limitaciones a los derechos - 36. Deberes constitucionales. | ||
| 041 | _aspa | ||
| 942 | _cBK | ||
| 590 | _aniveau_biblio:m niveau_hierar:0 | ||
| 100 | 1 | _aSagüés, Néstor Pedro | |
| 999 |
_c1194 _d1194 |
||